| Tag |
First Indicator |
Second Indicator |
Subfields |
| LEADER |
00000pam a2200000 a 4500 |
| 001 |
in00000085702 |
| 005 |
20151008053249.0 |
| 008 |
811110s1982 maua j 00011 eng |
| 010 |
|
|
|a 81020029
|
| 020 |
|
|
|a 0395320844
|
| 035 |
|
|
|a (OCoLC)07998773
|
| 035 |
|
|
|9 AAH6848AM
|
| 039 |
0 |
|
|a 2
|b 3
|c 3
|d 3
|e 3
|
| 040 |
|
|
|a DLC
|c DLC
|d TXA
|d UtOrBLW
|
| 049 |
|
|
|a [Curr Col] TXAM
|c 1 [1561735], 2 [803525]
|
| 050 |
0 |
0 |
|a PZ7 V266
|b Be 1982
|
| 082 |
0 |
|
|a [Fic]
|2 19
|
| 100 |
1 |
|
|a Van Allsburg, Chris.
|
| 245 |
1 |
0 |
|a Ben's dream :
|b story and pictures /
|c by Chris Van Allsburg.
|
| 264 |
|
1 |
|a Boston :
|b Houghton Mifflin,
|c 1982.
|
| 300 |
|
|
|a 31 pages :
|b illustrations ;
|c 27 cm.
|
| 336 |
|
|
|a text
|b txt
|2 rdacontent
|
| 337 |
|
|
|a unmediated
|b n
|2 rdamedia
|
| 338 |
|
|
|a volume
|b nc
|2 rdacarrier
|
| 520 |
|
|
|a On a terrifically rainy day, Ben has a dream in which he and his house float by the monuments of the world, half submerged in flood water.
|
| 650 |
|
1 |
|a Dreams
|x Fiction.
|
| 650 |
|
1 |
|a Floods
|x Fiction.
|
| 999 |
|
|
|a MARS
|
| 999 |
f |
f |
|s 8e178619-9f40-36fc-81d6-982db6747239
|i 8fc8550d-e895-3a27-96db-d4e49764a78e
|t 0
|
| 952 |
f |
f |
|p normal
|a Texas A&M University
|b College Station
|c Sterling C. Evans Library
|d Evans: Curriculum Collection (4th floor)
|t 0
|e PZ7 V266 Be 1982
|h Library of Congress classification
|i unmediated -- volume
|m A14821971289
|
| 952 |
f |
f |
|p normal
|a Texas A&M University
|b College Station
|c Sterling C. Evans Library
|d Evans: Library Stacks
|t 0
|e PZ7 V266 Be 1982
|h Library of Congress classification
|i unmediated -- volume
|m A14807222668
|
| 998 |
f |
f |
|a PZ7 V266 Be 1982
|t 0
|l Evans: Curriculum Collection (4th floor)
|
| 998 |
f |
f |
|a PZ7 V266 Be 1982
|t 0
|l Evans: Library Stacks
|